[Event "World ol U16"]
[Site "Gyor"]
[Date "2014.12.13"]
[Round "1.3"]
[White "Macovei, Andrei"]
[Black "Berman, Jacob"]
[Result "1-0"]
[WhiteElo "2168"]
[BlackElo "1833"]
[PlyCount "101"]
[EventDate "2014.12.13"]
[EventType "team-swiss"]
[EventRounds "10"]
[EventCountry "HUN"]
[SourceTitle "EXT 2016"]
[Source "ChessBase"]
[SourceDate "2015.10.08"]
[SourceVersion "1"]
[SourceVersionDate "2015.10.08"]
[SourceQuality "1"]
[WhiteTeam "Moldova"]
[BlackTeam "South Africa"]
[WhiteTeamCountry "MDA"]
[BlackTeamCountry "RSA"]

1. e4 e6 2. d4 d5 3. Nc3 Nf6 4. e5 Nfd7 5. f4 c5 6. Nf3 Nc6 7. Be3 a6 8. Qd2 b5 9. a3 Qb6 10. g3 cxd4 11. Nxd4 Bc5 12. Nce2 a5 13. Bg2 0-0 14. 0-0 f6 15. exf6 Nxf6 16. c3 a4 17. Kh1 Bb7 18. Rae1 Na5 19. Qd3 Nc4 20. Bc1 Rae8 21. Nf3 Ng4 22. Ned4 e5 23. fxe5 Ncxe5 24. Nxe5 Rxf1+ 25. Qxf1 Rxe5 26. Bf4 Bxd4 27. cxd4 Qxd4 28. h3 Rxe1 29. Qxe1 Qd1 30. Qxd1 Nf2+ 31. Kg1 Nxd1 32. Bc1 b4 33. axb4 Kf7 34. Bf3 a3 35. bxa3 Nc3 36. Bb2 Ne4 37. Bxe4 dxe4 38. Kf2 g6 39. Ke3 Ke6 40. Kd4 Kd6 41. Bc1 Bc8 42. h4 Bf5 43. b5 Bd7 44. Bf4+ Ke6 45. Kc5 Bc8 46. a4 Kd7 47. Kb6 Kd8 48. a5 Be6 49. Kb7 Bd5+ 50. Kb8 Kd7 51. a6 1-0

[Event "Wch U16"]
[Site "Durban"]
[Date "2014.09.20"]
[Round "1"]
[White "Mousavi, Seyed Khalil"]
[Black "Berman, Jacob"]
[Result "1-0"]
[WhiteElo "2348"]
[BlackElo "1837"]
[PlyCount "79"]
[EventDate "2014.09.20"]
[EventType "swiss"]
[EventRounds "11"]
[EventCountry "RSA"]
[SourceTitle "CBM 162 Extra"]
[Source "ChessBase"]
[SourceDate "2014.10.17"]
[SourceVersion "1"]
[SourceVersionDate "2014.10.17"]
[SourceQuality "1"]

1. Nf3 e6 2. c4 d5 3. d4 Nf6 4. e3 c6 5. Nbd2 Nbd7 6. Bd3 Bd6 7. 0-0 0-0 8. e4 e5 9. cxd5 cxd5 10. Re1 Re8 11. exd5 exd4 12. Ne4 Bb4 13. Nxf6+ Nxf6 14. Rxe8+ Qxe8 15. Qb3 Bd6 16. Bg5 Bg4 17. Re1 Qb8 18. Bxf6 gxf6 19. Bb1 Bh5 20. Qd3 Bg6 21. Qxd4 Qd8 22. h4 Qa5 23. Bxg6 hxg6 24. h5 gxh5 25. Qxf6 Qxd5 26. Nd4 Qa5 27. Re3 Qd8 28. Qh6 Rc8 29. Rd3 Qh4 30. g3 Qe7 31. Re3 Rc1+ 32. Kg2 Qd8 33. Rd3 Qc7 34. Qg5+ Kf8 35. Nf5 Qc6+ 36. Rf3 Re1 37. Qd8+ Qe8 38. Qxd6+ Kg8 39. Qf6 Qf8 40. Qg5+ 1-0

[Event "US Open-115"]
[Site "Orlando"]
[Date "2014.07.31"]
[Round "6"]
[White "Gater, Daniel"]
[Black "Berman, Jacob"]
[Result "1-0"]
[WhiteElo "2144"]
[BlackElo "1837"]
[PlyCount "69"]
[EventDate "2014.07.26"]
[EventType "swiss"]
[EventRounds "9"]
[EventCountry "USA"]
[SourceTitle "CBM 161 Extra"]
[Source "ChessBase"]
[SourceDate "2014.08.29"]
[SourceVersion "1"]
[SourceVersionDate "2014.08.29"]
[SourceQuality "1"]

1. e4 e6 2. d4 d5 3. Nc3 Nf6 4. e5 Nfd7 5. f4 c5 6. Nf3 Nc6 7. Be3 a6 8. Qd2 b5 9. dxc5 Bxc5 10. Bxc5 Nxc5 11. Bd3 Qb6 12. Qf2 b4 13. Ne2 a5 14. Ned4 Ba6 15. Nb3 Nxd3+ 16. cxd3 Qxf2+ 17. Kxf2 Bxd3 18. Rhc1 Bc4 19. Nc5 Ra7 20. Na4 Ke7 21. Nb6 Bb5 22. Rc5 Rb8 23. Rxb5 Ke8 24. Rc1 Ne7 25. Rcc5 Rab7 26. Nc8 Nxc8 27. Rxb7 Rxb7 28. Rxc8+ Kd7 29. Rc5 a4 30. Nd4 b3 31. axb3 axb3 32. f5 Rb4 33. fxe6+ fxe6 34. Ke3 Ra4 35. Rb5 1-0

[Event "US Open-115"]
[Site "Orlando"]
[Date "2014.07.29"]
[Round "4"]
[White "Tarjan, James Edward"]
[Black "Berman, Jacob"]
[Result "1-0"]
[WhiteElo "2525"]
[BlackElo "1837"]
[PlyCount "43"]
[EventDate "2014.07.26"]
[EventType "swiss"]
[EventRounds "9"]
[EventCountry "USA"]
[SourceTitle "CBM 161 Extra"]
[Source "ChessBase"]
[SourceDate "2014.08.29"]
[SourceVersion "1"]
[SourceVersionDate "2014.08.29"]
[SourceQuality "1"]

1. d4 e6 2. c4 d5 3. Nc3 Nf6 4. Nf3 c6 5. e3 Nbd7 6. b3 Bb4 7. Bd2 0-0 8. Qc2 Re8 9. Rd1 dxc4 10. Bxc4 c5 11. Nb5 Bxd2+ 12. Rxd2 Qa5 13. 0-0 a6 14. Nd6 Re7 15. Rfd1 Nf8 16. dxc5 Qxc5 17. Be2 Rc7 18. Rc1 N6d7 19. Qxc5 Rxc5 20. Rxc5 Nxc5 21. Rc2 b6 22. b4 1-0

[Event "Wch U16"]
[Site "Al Ain"]
[Date "2013.12.29"]
[Round "11"]
[White "Machan, Jan"]
[Black "Berman, Jacob"]
[Result "1-0"]
[WhiteElo "2147"]
[BlackElo "1795"]
[PlyCount "101"]
[EventDate "2013.12.18"]
[EventType "swiss"]
[EventRounds "11"]
[EventCountry "UAE"]
[SourceTitle "CBM 158 Extra"]
[Source "ChessBase"]
[SourceDate "2014.02.28"]
[SourceVersion "1"]
[SourceVersionDate "2014.02.28"]
[SourceQuality "1"]

1. Nf3 e6 2. d4 d5 3. c4 Nf6 4. g3 Be7 5. Bg2 0-0 6. Nbd2 dxc4 7. Nxc4 c5 8. 0-0 Nc6 9. dxc5 Bxc5 10. Nfe5 Nxe5 11. Nxe5 Qc7 12. Nd3 e5 13. Bg5 Be7 14. Rc1 Qa5 15. a3 Rd8 16. Bd2 Qb5 17. a4 Qd7 18. Ba5 Re8 19. Nxe5 Qe6 20. Bc7 Bf8 21. e3 Re7 22. Bd6 Re8 23. Bxf8 Kxf8 24. Nc4 Kg8 25. Qd6 Qf5 26. Qc7 Ne4 27. Bxe4 Qxe4 28. Nd6 Qe6 29. Nxe8 Qxe8 30. Qf4 Bd7 31. b3 Qe6 32. Qc4 Qh3 33. f3 Re8 34. e4 Qh6 35. Qd4 Bc6 36. Qxa7 Rd8 37. Rcd1 Qf6 38. Rxd8+ Qxd8 39. Qe3 h6 40. Rf2 b5 41. Rd2 Qa5 42. Rd6 Be8 43. Qd2 Qa7+ 44. Qd4 Qe7 45. a5 Kh7 46. a6 Qc7 47. a7 Qa5 48. b4 Qa3 49. Kg2 Qa2+ 50. Qf2 Qa3 51. Rd2 1-0

[Event "Wch U16"]
[Site "Al Ain"]
[Date "2013.12.21"]
[Round "4"]
[White "Hamawi, Karim"]
[Black "Berman, Jacob"]
[Result "0-1"]
[WhiteElo "1640"]
[BlackElo "1795"]
[PlyCount "152"]
[EventDate "2013.12.18"]
[EventType "swiss"]
[EventRounds "11"]
[EventCountry "UAE"]
[SourceTitle "CBM 158 Extra"]
[Source "ChessBase"]
[SourceDate "2014.02.28"]
[SourceVersion "1"]
[SourceVersionDate "2014.02.28"]
[SourceQuality "1"]

1. e4 e6 2. d4 d5 3. Nd2 Nf6 4. e5 Nfd7 5. f4 c5 6. c3 Nc6 7. Ndf3 Qb6 8. Ne2 f6 9. a3 Be7 10. Ng3 0-0 11. Bd3 Kh8 12. Bc2 Rf7 13. Qd3 Nf8 14. 0-0 Bd7 15. Be3 cxd4 16. cxd4 Na5 17. Rfb1 Rc8 18. b3 Bb5 19. Qd2 Bd8 20. a4 Ba6 21. Bd1 Rfc7 22. b4 Nc4 23. Qf2 Nxe3 24. Qxe3 Rc3 25. Qd2 Bd3 26. Rb2 Ng6 27. b5 fxe5 28. fxe5 Nh4 29. Ne2 Nxf3+ 30. gxf3 Bxe2 31. Bxe2 Bh4 32. a5 Qd8 33. a6 b6 34. Bd3 Bg5 35. f4 Bxf4 36. Qxf4 Rxd3 37. Rf2 h6 38. Raf1 Qg5+ 39. Qxg5 hxg5 40. Rf8+ Rxf8 41. Rxf8+ Kh7 42. Rf7 Rxd4 43. Rxa7 Rb4 44. Re7 Rxb5 45. Rxe6 d4 46. a7 Ra5 47. Rxb6 Rxa7 48. Rd6 Re7 49. Rxd4 Rxe5 50. Kg2 Re3 51. Rg4 Kg6 52. Rg3 Re2+ 53. Kg1 Kf5 54. Kh1 Kf4 55. Ra3 g4 56. Ra1 g6 57. Rf1+ Kg5 58. Kg1 Ra2 59. Rf8 g3 60. hxg3 Kg4 61. Rg8 g5 62. Kf1 Kf3 63. Rf8+ Kxg3 64. Rh8 g4 65. Rh7 Ra1+ 66. Ke2 Kg2 67. Ke3 g3 68. Ke2 Ra8 69. Ke1 Re8+ 70. Kd2 Kg1 71. Rh6 g2 72. Rh7 Re5 73. Rh8 Kf2 74. Rf8+ Kg3 75. Rg8+ Kf3 76. Kd1 Re4 0-1